Catálogo público

Memoria XII Foro Interinstitucional homeopatía y modernidad / (Record no. 170061)

MARC details
000 -CABECERA
campo de control de longitud fija 03325nam a2200349Ia 4500
001 - NÚMERO DE CONTROL
campo de control Z_6783
003 - IDENTIFICADOR DEL NÚMERO DE CONTROL
campo de control CHAP
008 - DATOS DE LONGITUD FIJA--INFORMACIÓN GENERAL
campo de control de longitud fija 220113s2015 xx 000 0 und d
010 ## - NÚMERO DE CONTROL DE LA BIBLIOTECA DEL CONGRESO
Número de control de LC 170061
040 ## - FUENTE DE LA CATALOGACIÓN
Centro/agencia transcriptor CHAP
082 ## - NÚMERO DE LA CLASIFICACIÓN DECIMAL DEWEY
Número de clasificación 615.532 F67
111 ## - ENTRADA PRINCIPAL--NOMBRE DE CONGRESO/REUNIÓN
Nombre de congreso/reunión o jurisdicción como elemento de entrada Foro Interinstitucional homeopatía y modernidad. (11: 2015: Chapingo, Méx.)
9 (RLIN) 145933
245 ## - MENCIÓN DE TÍTULO
Título Memoria XII Foro Interinstitucional homeopatía y modernidad /
Mención de responsabilidad, etc. coordinadores Felipe de Jesús Ruiz Espinoza y Deneb Camacho Morfín
260 ## - PUBLICACIÓN, DISTRIBUCIÓN, ETC.
Lugar de publicación, distribución, etc. Chapingo, México :
Nombre del editor, distribuidor, etc. Universidad Autónoma Chapingo,
Fecha de publicación, distribución, etc. 2015
300 ## - DESCRIPCIÓN FÍSICA
Extensión 115 p.
503 ## - NOTA DE HISTORIA BIBLIOGRÁFICA (BK CF MU) [OBSOLETO]
Nota de historia bibliográfica ej.1: donación \ ej.2: donación \ ej.3: donación
504 ## - NOTA DE BIBLIOGRAFÍA, ETC.
Nota de bibliografía, etc. Incluye bibliografía
505 ## - NOTA DE CONTENIDO CON FORMATO
Nota de contenido con formato Atención de urgencias en veterinaria con homeopatía / Francisco Niño Murcia . -- Situación de la homeopatía veterinaria en México en 2015 / . -- Nosode en el manejo de roya anaranjada del café Hemileia vastatrix, en Huatusco Veracru / Sandra Ramos Reyes...[et al.] . -- La agrohomeopatía como alternativa asequible a la crisis de la cafeticultura en Chiapas, México / Juana Cruz Morales, Sergio A. Zapata Domínguez y Felipe de Jesús Ruiz Espinoza . -- Disminución de la población de picudo Anthonomus eugenii en plantas de Capsicum annuum con homeopáticos / Sabino Honorio Martínez Tomás...[et al.] . -- Reflecciones del avance de la homeopatía contra plagas agrícolas / Cesáreo Rodríguez Hernández . -- Manejo del hongo letal (Ustulina Deusta) en naranja valencia tardía con preparados homeopáticos, inductores de resistencia y microorganismos benéficos en el ejido de San Pablo, Veracruz / Manuel Ángel Gómez...[et al.] . -- Enraizamiento de estacas de albahaca, tratada con cinco medicamentos homeopáticos en agua y sustrato / Jorge Luis Sánche Sánchez , Pedro Rubiera Guzmán y Felipe de Jesús Espinoza Ruiz . -- Siembra de cebollín (Allium schoenoprasum) orgánico, en cajas de plastico, de las utilizadas en le embarque de aguacate / Jorge Luis Sánche Sánchez, Pedro Rubiera Guzmán y Felipe de Jesús Ruiz Espinoza . -- Agricultura urbana, universidad y agrohomeopatía / Jorge Luis Sánche Sánchez, Pedro Rubiera Guzmán y Felipe de Jesús Ruiz Espinoza . -- Agrohomeopatía conocimiento científico paa la conservación de la vida / Felipe de Jesús Ruiz Espinoza . -- El uso de jugo de sábila (Aloe barbadensis millier) como estimulante del desarrollo de la bolsa de fabricación en pollos de engorda / José Luis Cruz López...[et al] . -- Determinación del porcentaje de germinación en semillas de sotol (Dasylirion Cedrosanum Trel.) de diferente año de cosecha en diferentes sustratos en condiciones de invernadero / Gerardo Rivas Medina...[et al.] . -- Efectos de las microondas en la germinación de trigo (Triticum aestivum) / Felipe de Jesús Ruiz Espinoza...[et al.]
650 ## - PUNTO DE ACCESO ADICIONAL DE MATERIA--TÉRMINO DE MATERIA
Término de materia o nombre geográfico como elemento de entrada Agricultura alternativa
Subdivisión general
-- Congresos
9 (RLIN) 145934
650 ## - PUNTO DE ACCESO ADICIONAL DE MATERIA--TÉRMINO DE MATERIA
Término de materia o nombre geográfico como elemento de entrada Agrohomeopatía
9 (RLIN) 145935
650 ## - PUNTO DE ACCESO ADICIONAL DE MATERIA--TÉRMINO DE MATERIA
Término de materia o nombre geográfico como elemento de entrada Homeopatía
9 (RLIN) 56056
650 ## - PUNTO DE ACCESO ADICIONAL DE MATERIA--TÉRMINO DE MATERIA
Término de materia o nombre geográfico como elemento de entrada Homeopatía
Subdivisión general
-- Investigación
--
-- Congresos
9 (RLIN) 145936
650 ## - PUNTO DE ACCESO ADICIONAL DE MATERIA--TÉRMINO DE MATERIA
Término de materia o nombre geográfico como elemento de entrada Medicina veterinaria
Subdivisión general
-- Congresos
9 (RLIN) 145937
700 ## - PUNTO DE ACCESO ADICIONAL--NOMBRE DE PERSONA
Nombre de persona Camacho Morfín, Deneb, coord.
9 (RLIN) 145938
700 ## - PUNTO DE ACCESO ADICIONAL--NOMBRE DE PERSONA
Nombre de persona Ruiz Espinoza, Felipe de Jesús, coord.
9 (RLIN) 145939
901 ## - ELEMENTOS DE DATOS A LOCAL LDA (RLIN)
a 615.532 F67
902 ## - ELEMENTOS DE DATOS B LOCAL, LDB (RLIN)
a M
910 ## - DATOS DE OPCIÓN DEL USUARIO (OCLC)
Datos de opción del usuario 2015
942 ## - ELEMENTOS DE PUNTO DE ACCESO ADICIONAL (KOHA)
Tipo de ítem Koha Libro_
942 ## - ELEMENTOS DE PUNTO DE ACCESO ADICIONAL (KOHA)
Tipo de ítem Koha
Holdings
Estado de retiro Estado de pérdida Fuente del sistema de clasificación o colocación Estado dañado No para préstamo Código de colección Localización permanente Ubicación/localización actual Ubicación en estantería Fecha de adquisición Código de barras Fecha visto por última vez Número de copia Precio válido a partir de Tipo de ítem Koha
    Dewey Decimal Classification     General Zootecnia Zootecnia   17/11/2016 z_6705 18/01/2022 1 18/01/2022 Libro
    Dewey Decimal Classification     General Zootecnia Zootecnia   17/11/2016 z_6706 18/01/2022 2 18/01/2022 Libro
    Dewey Decimal Classification     General Zootecnia Zootecnia   17/11/2016 z_6707 18/01/2022 3 18/01/2022 Libro